Instalaciones domóticas / (Registro nro. 11522)

Detalles MARC
000 -LIDER
fixed length control field 01529cam a22003493a 4500
001 - NÚMERO DE CONTROL
Identificador de número de control 0000709
003 - IDENTIFICACDOR DE NÚMERO DE CONTROL
control field DO-SdBNP
005 - DATE AND TIME OF LATEST TRANSACTION
control field 20171110111906.0
007 - CAMPOS FIJOS DE DESCRIPCIÓN FÍSICA
fixed length control field 0000709
008 - ELEMENTOS DE LONGITUD FIJA
fixed length control field 861112 2011 sp ac 000 0 spa d
010 ## - NUMERO DE CONTROL DE BIBLIOTECA DEL CONGRESO
LC control number
020 ## - ISBN
International Standard Book Number 9788426716583 (Marcombo)
020 ## - ISBN
International Standard Book Number 9788496334908(Altamar)
040 ## - FUENTE DE CATALOGACIÓN
Agencia que crea de manera original el registro BPMSU
Agencia que realiza la transcripción spa
Agencia que realiza la modificación BPMSU
--
082 #4 - NÚMERO DE CLASIFICACIÓN DECIMAL DE DEWEY
Classification number 621.3
Item number E38i
100 1# - ASIENTO PRINCIPAL -- NOMBRE PERSONAL
Nombre personal Rodríguez Arenas, Antonio
245 10 - MENCIÓN DE TITULO
Título Instalaciones domóticas /
Mención de responsabilidad Antonio Rodríguez Arenas, Miguel Casa Vilaseca
260 0# - PUBLICACIÓN, DISTRIBUCIÓN, ETC. (PIE DE IMPRENTA)
Lugar de publicación, distribución, etc Barcelona :
Nombre del editor, distribuidor, etc. Lexus,
Fecha de publicación, distribución, etc 2011.
300 ## - DESCRIPCIÓN FÍSICA
Extensión 207 p. :
Otros detalles físicos il.
Dimensiones 31 cm.
490 ## - MENCIÓN DE SERIES
Mención de serie Electricidad y electrónica / CFGM instalaciones eléctricas y automáticas
500 ## - NOTA GENERAL
Nota general Se utilizó cutter de la serie para reunir la colección en la estantería
505 0# - NOTA DE CONTENIDO
Título Automatización de viviendas --
-- Sistema técnico de automatización basado en corrientes portadoras --
-- Sistema domóticos basados en bus con tecnología LonWorks --
-- Sistema de automatización mediante EIB --
-- Sistema técnico de automatización basado en autómatas programables --
-- Sistema domóticos inalámbricos --
-- Soluciones domóticas alternativas --
600 ## - ENCABEZAMIENTO DE MATERIA--NOMBRE PERSONAL
Nombre personal
Subdivisión temática general
650 #4 - ENCABEZAMIENTO DE MATERIA--TEMÁTICO
Término temático o nombre geográfico como elemento de entrada VIVIENDAS INTELIGENTES
650 #4 - ENCABEZAMIENTO DE MATERIA--TEMÁTICO
Término temático o nombre geográfico como elemento de entrada EDIFICIOS INTELIGENTES
700 12 - ASIENTO SECUNDARIO -- NOMBRE PERSONAL
Nombre personal Casa Vilaseca, Miguel
830 #0 - ASIENTO SECUNDARIO DE SERIE--TÍTULO UNIFORME
Título uniforme Electricidad y electrónica / CFGM instalaciones eléctricas y automáticas
910 ## - VALIDACIÓN
Validación Validado. Control de calidad MFF
942 ## - ADDED ENTRY ELEMENTS (KOHA)
Source of classification or shelving scheme Dewey Decimal Classification
Koha item type Libros
945 ## - INFORMACIÓN DE PROCESAMIENTO LOCAL
Información de procesamiento local Invetariado extranjerov / 2017 VM
956 ## - LOCAL ELECTRONIC LOCATION AND ACCESS (OCLC)
Método de acceso YLOCKWARD
Materiales especificados 10
Campo enlazado y núm. de secuencia BPMSU
Existencias
Withdrawn status Lost status Source of classification or shelving scheme Damaged status Not for loan Collection code Home library Current library Date acquired Source of acquisition Total Checkouts Full call number Barcode Date last seen Price effective from Koha item type Copy number
    Dewey Decimal Classification     Colección General Biblioteca Pública Metropolitana Salomé Ureña Biblioteca Pública Metropolitana Salomé Ureña 10/11/2016   621.3 E38i BPMSU16100083 10/11/2016 10/11/2016 Libros  
    Dewey Decimal Classification     Colección General Biblioteca Pública Metropolitana Salomé Ureña Biblioteca Pública Metropolitana Salomé Ureña 10/11/2016   621.3 E38i BPMSU16100087 10/11/2016 10/11/2016 Libros e. 2